[Event "Titled Tuesday intern op 05th Jul Early"]
[Site "Chess.com INT"]
[Date "2022.07.05"]
[Round "2"]
[White "Krysa, Leandro Sergio"]
[Black "Svane, Rasmus"]
[Result "1-0"]
[WhiteElo "2515"]
[BlackElo "2649"]
[PlyCount "85"]
[EventDate "2022.07.05"]
[EventType "swiss (blitz)"]
[EventRounds "11"]
[EventCountry "USA"]
[SourceTitle "CBM 209 Extra"]
[Source "ChessBase"]
[SourceDate "2022.09.30"]
[SourceVersion "1"]
[SourceVersionDate "2022.09.30"]
[SourceQuality "1"]

1. Nf3 d5 2. g3 Nf6 3. Bg2 e6 4. O-O Be7 5. d3 O-O 6. Nbd2 Nc6 7. d4 Ne4 8. c3 f5 9. Ne1 e5 ({RR} 9... Bd6 10. Nd3 Nxd2 11. Bxd2 Bd7 12. f3 Kh8 13. e4 dxe4 14. fxe4 e5 15. d5 Ne7 16. c4 c5 17. Bc3 Qc7 18. Qh5 b5 19. b3 bxc4 20. bxc4 Rae8 21. Rae1 Bc8 22. g4 Ba6 23. exf5 Bxc4 24. f6 {Ohanyan,E (2501)-Palczert,M (2409) Petrovac MNE 2025 1-0}) 10. Ndf3 ({RR} 10. dxe5 Nxe5 11. Nd3 Ng6 12. c4 Be6 13. cxd5 Nxd2 14. dxe6 Nxf1 15. Kxf1 c6 16. Qb3 Qb6 17. Qc4 Kh8 18. Be3 Qc7 19. f4 Rad8 20. Rc1 Bf6 21. Qb4 Rfe8 22. Bxa7 Ra8 23. Bb6 Qc8 24. Bd5 Nf8 {Kramnik,V (2801)-Aronian,L (2792) Zuerich 2016 ½-½ (49)}) 10... Bf6 11. Nd3 $146 ({RR} 11. dxe5 Nxe5 12. Nxe5 Bxe5 13. f3 Nf6 14. f4 Bd6 15. Bxd5+ Kh8 16. Bf3 Bc5+ 17. e3 Qe7 18. Qe2 c6 19. b3 Re8 20. Nc2 Nd5 21. Bxd5 cxd5 22. Qd3 Qe4 23. Qxe4 Rxe4 24. Kf2 Be6 25. Ba3 Bb6 {Priborsky,J (2263)-Heika,M (2270) Bayern 2017 1-0 (50)}) 11... exd4 12. cxd4 Nxd4 13. Nxd4 Bxd4 14. Nf4 Be5 15. Nxd5 Be6 16. Bf4 Qxd5 17. Qxd5 Bxd5 18. Bxe5 c6 19. Rfd1 Rfe8 20. Bd4 Kf7 21. b4 b5 22. a4 Bb3 23. Rdc1 bxa4 24. Rxc6 Rec8 25. Rxc8 Rxc8 26. Bxa7 Nc3 27. Bf1 Ra8 28. Bd4 Nb5 29. Be5 Ke6 30. f4 a3 31. e4 Nd6 32. exf5+ Nxf5 33. b5 Bd5 34. b6 a2 35. Bg2 Bxg2 36. Kxg2 Ne3+ 37. Kf3 Ra3 38. b7 Nc2+ 39. Kg4 Ne3+ 40. Kg5 h6+ 41. Kg6 Rb3 42. b8=Q Rxb8 43. Bxb8 1-0

[Event "Titled Tuesday intern op 05th Jul Early"]
[Site "Chess.com INT"]
[Date "2022.07.05"]
[Round "3"]
[White "Nakamura, Hikaru"]
[Black "Cruz, Cristhian"]
[Result "1-0"]
[WhiteElo "2760"]
[BlackElo "2579"]
[PlyCount "103"]
[EventDate "2022.07.05"]
[EventType "swiss (blitz)"]
[EventRounds "11"]
[EventCountry "USA"]
[SourceTitle "CBM 209 Extra"]
[Source "ChessBase"]
[SourceDate "2022.09.30"]
[SourceVersion "1"]
[SourceVersionDate "2022.09.30"]
[SourceQuality "1"]

1. Nf3 d5 2. b3 e6 3. Bb2 Nf6 4. e3 g6 5. c4 Bg7 6. d4 ({RR} 6. Qc2 O-O 7. h4 Nc6 8. a3 e5 9. Nxe5 Nxe5 10. Bxe5 Re8 11. Bb2 d4 12. Bd3 Ng4 13. g3 dxe3 14. Bxg7 exf2+ 15. Kd1 Qe7 16. Qc3 Qe1+ 17. Kc2 Qxh1 18. Bh8 f6 19. Bxf6 Nxf6 20. Qxf6 Rf8 {Tarhan,A (2481)-Agasiyev,K (2441) chess.com INT 2025 0-1}) 6... O-O 7. Nbd2 b6 8. Rc1 Ba6 $146 ({RR} 8... Bb7 9. cxd5 exd5 10. Bd3 Re8 11. Qc2 Nc6 12. a3 Rc8 13. Bb5 Re6 14. Ng5 Rd6 15. O-O a6 16. Bd3 Ne7 17. b4 Qd7 18. Ndf3 Rc6 19. Qe2 Rxc1 20. Rxc1 Ne4 21. Bxa6 Bxa6 22. Qxa6 Nxg5 23. Nxg5 {Nakamura,H (2736)-Kazakouski,V (2473) Chess.com INT 2020 1-0 (42)}) 9. c5 Bxf1 10. Kxf1 bxc5 11. Rxc5 Nfd7 12. Rc2 c5 13. Qa1 Na6 14. a3 Rc8 15. Ke2 Qb6 16. Rhc1 Qb7 17. Kf1 cxd4 18. exd4 Rxc2 19. Rxc2 Rc8 20. Qc1 Rxc2 21. Qxc2 Nc7 22. Ne1 Nb5 23. Qd3 Qb6 24. Ndf3 Nb8 25. Nc2 Nc6 26. b4 Nd6 27. Bc3 Nc4 28. a4 a6 29. Nd2 Nxd2+ 30. Qxd2 Bf8 31. g3 h5 32. Kg2 Bd6 33. h4 Ne7 34. Ne1 Qc6 35. Qc2 e5 36. Bd2 Qxc2 37. Nxc2 e4 38. b5 axb5 39. axb5 Kf8 40. Ba5 Ke8 41. Bb6 Kd7 42. Bc5 Nf5 43. Kf1 Bb8 44. Nb4 Nd6 45. Na6 Bc7 46. b6 Bd8 47. Bxd6 Kxd6 48. b7 Bc7 49. Ke2 Kc6 50. b8=Q Bxb8 51. Nxb8+ Kb7 52. Nd7 1-0

[Event "Titled Tuesday intern op 05th Jul Late"]
[Site "Chess.com INT"]
[Date "2022.07.05"]
[Round "6"]
[White "Sanal, Vahap"]
[Black "Dubov, Daniil"]
[Result "1-0"]
[WhiteElo "2574"]
[BlackElo "2702"]
[PlyCount "95"]
[EventDate "2022.07.05"]
[EventType "swiss (blitz)"]
[EventRounds "11"]
[EventCountry "USA"]
[SourceTitle "CBM 209 Extra"]
[Source "ChessBase"]
[SourceDate "2022.09.30"]
[SourceVersion "1"]
[SourceVersionDate "2022.09.30"]
[SourceQuality "1"]

1. Nf3 d5 2. b3 Nf6 3. Bb2 g6 4. g3 Bg7 5. Bg2 c5 6. O-O Nc6 7. e3 ({RR} 7. Bxf6 Bxf6 8. c3 e5 9. d3 O-O 10. e4 d4 11. cxd4 cxd4 12. Nbd2 Be6 13. h4 b5 14. Kh2 a5 15. a3 a4 16. b4 Qd7 17. Rc1 Rfc8 18. Ng1 Ne7 19. Bh3 Rxc1 20. Qxc1 Rc8 21. Qd1 Rc3 {Aravindh,C (2729)-Borgaonkar,A (2418) chess.com INT 2025 ½-½ (67)}) ({RR} 7. c4 d4 8. e3 O-O 9. exd4 Ng4 10. Na3 cxd4 11. d3 Nge5 12. Nxe5 Nxe5 13. Nc2 Bg4 14. f3 Bf5 15. Ne1 Qd7 16. g4 Be6 17. h3 f5 18. Nc2 Nc6 19. Qd2 f4 20. b4 Bf7 21. b5 Nd8 {Pantsulaia,L (2587)-Dubov,D (2691) Abu Dhabi 2018 0-1 (40)}) 7... O-O 8. Ne5 ({RR} 8. Qe2 Qd6 9. d4 cxd4 10. exd4 Bg4 11. Nbd2 Rac8 12. h3 Bf5 13. c4 Rfd8 14. Ne5 Be6 15. Rfe1 Nd7 16. Nxc6 bxc6 17. c5 Qc7 18. Nf3 Nf8 19. b4 Rb8 20. Bc3 Re8 21. a3 Bf5 22. Rad1 Be4 {Perro,L (2665)-Deac,B (2625) Chess.com INT 2020 1-0 (46)}) 8... Bd7 $146 ({RR} 8... Nxe5 9. Bxe5 e6 10. d3 b6 11. Nd2 Bb7 12. f4 Rc8 13. Qe2 Ne8 14. Bxg7 Nxg7 15. g4 Ba6 16. c4 Qd7 17. Nf3 f6 18. Rad1 Rfe8 19. e4 d4 20. g5 f5 21. Ne5 Qc7 22. Bf3 Rcd8 23. h4 {Kayumov,S (2452)-Sindarov,J (1893) Sharjah 2014 1-0 (48)}) 9. Nxd7 Qxd7 10. d3 Ne8 11. c3 e6 12. Nd2 Rc8 13. Qe2 Nd6 14. f4 b5 15. e4 b4 16. e5 bxc3 17. Bxc3 Nb5 18. Bb2 Nbd4 19. Qf2 f6 20. exf6 Bxf6 21. Rad1 a5 22. Kh1 Rb8 23. Nf3 Nxf3 24. Bxf6 Rxf6 25. Qxf3 Qd6 26. Qg4 Nd4 27. Rde1 Kg7 28. Rf2 Rf7 29. h4 Kh8 30. Kh2 Ra8 31. Re5 a4 32. bxa4 Rxa4 33. Rb2 Ra8 34. Re1 Rfa7 35. Qg5 Qd8 36. Qe5+ Kg8 37. Reb1 Kf7 38. Rb7+ Qe7 39. Rxe7+ Rxe7 40. Rb8 Rea7 41. Rxa8 Rxa8 42. Qc7+ Kf6 43. Qxc5 Nf5 44. g4 Nxh4 45. Qc3+ Kf7 46. Qc7+ Kf6 47. g5+ Kf5 48. Bh3# 1-0

[Event "Titled Tuesday intern op 05th Jul Late"]
[Site "Chess.com INT"]
[Date "2022.07.05"]
[Round "8"]
[White "Shimanov, Aleksandr"]
[Black "Martinez Alcantara, Jose Eduardo"]
[Result "1-0"]
[WhiteElo "2581"]
[BlackElo "2591"]
[PlyCount "155"]
[EventDate "2022.07.05"]
[EventType "swiss (blitz)"]
[EventRounds "11"]
[EventCountry "USA"]
[SourceTitle "CBM 209 Extra"]
[Source "ChessBase"]
[SourceDate "2022.09.30"]
[SourceVersion "1"]
[SourceVersionDate "2022.09.30"]
[SourceQuality "1"]

1. b3 d5 2. Bb2 Nf6 3. Nf3 c6 4. h3 ({RR} 4. d3 Bf5 5. Nh4 e6 6. Nxf5 exf5 7. Nd2 Nbd7 8. e3 Bd6 9. g3 Qe7 10. a3 h5 11. Nf3 O-O-O 12. Bg2 Ne5 13. b4 g6 14. Qd2 Nxf3+ 15. Bxf3 Be5 16. O-O-O h4 17. Kb1 Bxb2 18. Kxb2 Kb8 {Anton Guijarro,D (2613)-Jobava,B (2731) Riga 2021 1-0 (81)}) 4... g6 $146 ({RR} 4... Bf5 5. d3 e6 6. Nbd2 h6 7. e3 Nbd7 8. Qe2 Qa5 9. a3 Be7 10. g4 Bh7 11. Bg2 O-O 12. O-O Qc7 13. e4 dxe4 14. dxe4 Rfe8 15. Ne1 e5 16. Nd3 Bd6 17. Nc4 Nc5 18. Nxc5 Bxc5 19. b4 {Pirisi,G (2288)-Macsik,T (2188) Hungary 2001 ½-½ (47)}) ({RR} 4... Bf5 5. d3 e6 6. g4 Bg6 7. Ne5 Nbd7 8. Nxg6 hxg6 9. Bg2 Bd6 10. Nd2 Qc7 11. e4 a5 12. a4 Bb4 13. c3 Bd6 14. Qe2 Bf4 15. Nf3 Qb6 16. Qc2 Nc5 17. e5 Nfd7 18. d4 Ne4 19. O-O {Vaglio,J (2174)-Silva,M (2213) chess.com INT 2023 1-0 (79)}) ({RR} 4... Bf5 5. d3 h6 6. g4 Bg6 7. e3 Nbd7 8. Nbd2 Qc7 9. Qe2 e5 10. Nh4 Bh7 11. f4 O-O-O 12. f5 Qa5 13. a3 Bd6 14. b4 Qb6 15. e4 Rhe8 16. Bg2 g6 17. c4 dxe4 18. Nxe4 Nxe4 19. Bxe4 {Shimanov,A (2581)-Melian,J (2044) Chess.com INT 2021 0-1 (69)}) 5. d4 Bg7 6. e3 O-O 7. c4 c5 8. dxc5 Qa5+ 9. Nbd2 Rd8 10. a3 Qxc5 11. b4 Qc7 12. Rc1 Qd7 13. Be2 Nc6 14. O-O a6 15. Qb3 Qe8 16. cxd5 Nxd5 17. Bxg7 Kxg7 18. Rfd1 Nf6 19. Qb2 Kg8 20. Nb3 Rxd1+ 21. Rxd1 Bf5 22. Bc4 b5 23. Be2 Ne4 24. Nfd4 Rc8 25. Bf3 Nxd4 26. Rxd4 Nd6 27. Nc5 a5 28. Bd5 axb4 29. axb4 Bd7 30. e4 Bc6 31. Bb3 Rd8 32. Qd2 Ra8 33. Kh2 Qb8 34. Qf4 Nc4 35. Qxb8+ Rxb8 36. Bxc4 bxc4 37. Rxc4 Bb5 38. Rd4 Ra8 39. Rd2 f6 40. f3 Kf7 41. Rb2 g5 42. Kg3 h5 43. h4 Rg8 44. hxg5 fxg5 45. Rd2 h4+ 46. Kf2 Bc6 47. Rc2 Bb5 48. Rd2 Bc6 49. Ke3 Ra8 50. Nd3 Kf6 51. Kd4 Bb5 52. Nf2 Rd8+ 53. Ke3 Ra8 54. Ng4+ Kg6 55. Kf2 Bc4 56. Ne5+ Kh5 57. Nxc4 g4 58. fxg4+ Kxg4 59. Ne5+ Kf4 60. Nf3 h3 61. gxh3 Ra3 62. Ng1 Kxe4 63. Rb2 Kd5 64. b5 Ra8 65. b6 Rb8 66. h4 Kc4 67. Nf3 e5 68. Nxe5+ Kc3 69. Rb1 Rf8+ 70. Nf3 Re8 71. b7 Rb8 72. h5 Kc2 73. Rb6 Kc3 74. h6 Rg8 75. h7 Rh8 76. b8=Q Rxh7 77. Qe5+ Kd3 78. Qd4+ 1-0

[Event "Chess.com Rapid Wk20 KO"]
[Site "Chess.com INT"]
[Date "2022.07.10"]
[Round "2.2"]
[White "Nakamura, Hikaru"]
[Black "Fedoseev, Vladimir1"]
[Result "1-0"]
[WhiteElo "2760"]
[BlackElo "2686"]
[PlyCount "129"]
[EventDate "2022.07.10"]
[EventType "k.o. (rapid)"]
[EventRounds "3"]
[EventCountry "USA"]
[SourceTitle "CBM 209 Extra"]
[Source "ChessBase"]
[SourceDate "2022.09.30"]
[SourceVersion "1"]
[SourceVersionDate "2022.09.30"]
[SourceQuality "1"]

1. Nf3 d5 2. b3 c5 3. e3 a6 4. Bb2 Nc6 5. d4 Nf6 6. dxc5 e6 7. c4 Bxc5 8. cxd5 exd5 9. Be2 O-O 10. O-O Re8 11. Na3 Ne4 $146 ({RR} 11... Bf5 12. Nc2 Rc8 13. Ncd4 Nxd4 14. Nxd4 Bg6 15. Rc1 Qd6 16. Bf3 h6 17. Ne2 Be4 18. Ng3 Qe6 19. Bxf6 Qxf6 20. Bxe4 dxe4 21. Rc4 Bd6 22. Rxc8 Rxc8 23. Qg4 Rc2 24. Qxe4 Rxa2 25. Qxb7 Bxg3 26. hxg3 {Nakamura,H (2760)-Fedoseev,V (2701) Chess.com INT 2022 ½-½ (47)}) 12. Nc2 Re6 13. Ncd4 Rg6 14. Ne1 Bd6 15. f4 Bc5 16. Bf3 Qb6 17. Nec2 Bd7 18. Bxe4 dxe4 19. Nxc6 Bxc6 20. Bd4 Bb5 21. Rf2 Rd8 22. Qh5 Bxd4 23. Nxd4 Rgd6 24. Rc1 Rd5 25. Qg4 h5 26. Qd1 Bd3 27. h3 Rxd4 28. exd4 Qxd4 29. Qe1 e3 30. Rf3 e2+ 31. Kh2 a5 32. Qd2 Ba6 33. Qxd4 Rxd4 34. Rc8+ Kh7 35. Re8 Rd2 36. a4 h4 37. Rfe3 Rd1 38. f5 Rf1 39. R3e4 Rxf5 40. Rxh4+ Kg6 41. Rhe4 Rf1 42. g4 Rb1 43. Re3 Kg5 44. R8e5+ Kg6 45. Kg3 f6 46. Re7 Rg1+ 47. Kh2 Rf1 48. h4 Kh6 49. Kg3 Rg1+ 50. Kf3 Rf1+ 51. Kg2 Kg6 52. R3e6 Rf4 53. Kg3 Rf1 54. g5 Kf5 55. gxf6 gxf6 56. Re3 Rg1+ 57. Kf2 Rf1+ 58. Kg2 Rb1 59. h5 Kg5 60. Rg3+ Kh6 61. Rg6+ Kxh5 62. Rg3 Kh6 63. Re8 Kh7 64. Re4 e1=Q 65. Rh4# 1-0

[Event "Titled Tuesday intern op 12th Jul Early"]
[Site "Chess.com INT"]
[Date "2022.07.12"]
[Round "5"]
[White "Suleymanli, Aydin Elshan"]
[Black "Hakobyan, Aram"]
[Result "1-0"]
[WhiteElo "2541"]
[BlackElo "2612"]
[PlyCount "71"]
[EventDate "2022.07.12"]
[EventType "swiss (blitz)"]
[EventRounds "11"]
[EventCountry "USA"]
[SourceTitle "EXT 2023"]
[Source "ChessBase"]
[SourceDate "2022.10.05"]
[SourceVersion "1"]
[SourceVersionDate "2022.10.05"]
[SourceQuality "1"]

1. e4 c5 2. Nf3 e6 3. d3 d5 4. Nbd2 Nc6 5. g3 g6 6. Bg2 Bg7 7. O-O Nge7 8. Re1 O-O 9. e5 Qc7 10. Qe2 Nf5 11. c3 b5 ({RR} 11... f6 12. exf6 Bxf6 13. Nf1 e5 14. h4 Bd7 15. Ng5 Nce7 16. h5 Rae8 17. hxg6 hxg6 18. Nh2 Ng7 19. Ng4 Bxg4 20. Qxg4 Qc8 21. Qh4 Bxg5 22. Bxg5 Ngf5 23. Qg4 Qe6 24. c4 Kg7 25. Bxe7 Rxe7 26. Bxd5 {Kshatriya,N (2133)-Yuan,Q (2341) chess.com INT 2025 0-1 (79)}) 12. g4 ({RR} 12. Nf1 b4 13. Bf4 bxc3 14. bxc3 Ba6 15. h4 Qa5 16. Rac1 Rab8 17. N1h2 h5 18. Bh3 Rb7 19. Ng5 Qa3 20. Bxf5 exf5 21. e6 f6 22. Nf7 Kh7 23. Nf3 Re7 24. Qd2 Rfe8 25. Bd6 Rb7 26. d4 Rb2 {Heissler,J (2450)-Borik,O (2415) Germany 1999 1-0 (33)}) 12... Nfe7 13. a4 $146 ({RR} 13. Nb3 c4 14. dxc4 bxc4 15. Nbd4 Nxd4 16. Nxd4 a6 17. Bg5 Nc6 18. Nxc6 Qxc6 19. Bf6 Qc7 20. g5 Re8 21. Rad1 Rb8 22. Rd2 Bf8 23. Qg4 Bc5 24. Qh4 Bd7 25. Re3 Bc6 26. Qxh7+ {1-0 (26) Ovsiannikov,M (2124)-Kotanjian,T (2028) Tula 2002}) 13... b4 14. Nb3 bxc3 15. bxc3 c4 16. dxc4 Ba6 17. Nbd4 Bxc4 18. Qe3 Rab8 19. Ba3 Rfd8 20. Qf4 Nxd4 21. Nxd4 Rb6 22. Bb4 h6 23. h4 Ra6 24. Nb5 Bxb5 25. axb5 Rxa1 26. Rxa1 Bxe5 27. Qxh6 Bxc3 28. Bxc3 Qxc3 29. Rxa7 Qe1+ 30. Bf1 Re8 31. Qg5 Nc8 32. Ra8 d4 33. b6 Qb4 34. Qb5 Qf8 35. b7 Nd6 36. Rxe8 1-0

[Event "Titled Tuesday intern op 12th Jul Early"]
[Site "Chess.com INT"]
[Date "2022.07.12"]
[Round "11"]
[White "Nakamura, Hikaru"]
[Black "Le, Tuan Minh"]
[Result "1-0"]
[WhiteElo "2760"]
[BlackElo "2527"]
[PlyCount "105"]
[EventDate "2022.07.12"]
[EventType "swiss (blitz)"]
[EventRounds "11"]
[EventCountry "USA"]
[SourceTitle "EXT 2023"]
[Source "ChessBase"]
[SourceDate "2022.10.05"]
[SourceVersion "1"]
[SourceVersionDate "2022.10.05"]
[SourceQuality "1"]

1. e4 c5 2. Nf3 Nf6 3. d3 Nc6 4. g3 g6 5. Bg2 Bg7 6. O-O O-O 7. Nbd2 d6 8. Re1 Nd7 9. a4 Rb8 10. c3 ({RR} 10. Nc4 b6 11. c3 a6 12. Ne3 e5 13. Nd5 b5 14. axb5 axb5 15. Bg5 f6 16. Be3 Kh8 17. d4 exd4 18. cxd4 c4 19. Nf4 Nb6 20. d5 Ne5 21. Nd4 Na4 22. Qc2 Qe8 23. Nde6 Bxe6 24. Nxe6 Rf7 {Sonis,F (2570)-Karttunen,M (2489) chess.com INT 2025 1-0 (65)}) ({RR} 10. Nh4 a6 11. f4 b5 12. axb5 axb5 13. h3 b4 14. Nc4 Nb6 15. Nxb6 Qxb6 16. Kh2 Bd7 17. Nf3 Ra8 18. Rxa8 Rxa8 19. e5 Ra1 20. exd6 exd6 21. Qe2 Qd8 22. g4 Ra2 23. Ng5 h6 24. Nxf7 Qh4 {Araujo Sanchez,J (2256)-Le,T (2527) Chess.com INT 2022 ½-½ (72)}) 10... a6 11. Nb3 $146 ({RR} 11. Nf1 b5 12. axb5 axb5 13. d4 b4 14. Bf4 e5 15. dxe5 Ndxe5 16. Nxe5 Nxe5 17. Ne3 Be6 18. Ra6 Rb6 19. Rxb6 Qxb6 20. Nd5 Bxd5 21. Qxd5 Re8 22. Rd1 bxc3 23. bxc3 Bf8 24. h3 Qb2 25. Qd2 Qb3 {Bobzin,P (2147)-Jelica,M (2076) Ruhrgebiet 2000 ½-½ (39)}) 11... b5 12. axb5 axb5 13. d4 b4 14. h3 Qb6 15. Rb1 bxc3 16. bxc3 cxd4 17. cxd4 Nxd4 18. Nfxd4 Bxd4 19. Nxd4 Qxb1 20. Nc6 Re8 21. Nxb8 Qxb8 22. f4 Bb7 23. Qd4 Qc7 24. Be3 e5 25. Qb4 exf4 26. gxf4 Nc5 27. Qc4 Qe7 28. Bd4 Nxe4 29. Bb2 d5 30. Qd4 f6 31. Qb6 Kf7 32. Bd4 Bc8 33. Rc1 Qd8 34. Qc6 Bf5 35. Ra1 Re6 36. Ra7+ Re7 37. Bxe4 Rxa7 38. Bxd5+ Kg7 39. Bxa7 Qa5 40. Bf2 Qd2 41. Qc7+ Kh6 42. Bg8 g5 43. Qc6 Kg6 44. Qe8+ Kh6 45. Qf8+ Kg6 46. Qf7+ Kh6 47. Qxf6+ Bg6 48. Qxg5+ Kg7 49. Bc4 Qc1+ 50. Bf1 Qd2 51. Qe5+ Kg8 52. Bd4 Kf7 53. Bc4+ 1-0

[Event "Titled Tuesday intern op 12th Jul Early"]
[Site "Chess.com INT"]
[Date "2022.07.12"]
[Round "11"]
[White "Svane, Rasmus"]
[Black "Shipov, Sergei"]
[Result "1-0"]
[WhiteElo "2649"]
[BlackElo "2541"]
[PlyCount "63"]
[EventDate "2022.07.12"]
[EventType "swiss (blitz)"]
[EventRounds "11"]
[EventCountry "USA"]
[SourceTitle "EXT 2023"]
[Source "ChessBase"]
[SourceDate "2022.10.05"]
[SourceVersion "1"]
[SourceVersionDate "2022.10.05"]
[SourceQuality "1"]

1. Nf3 d5 2. b3 c5 3. Bb2 f6 4. d3 e5 5. Nbd2 Nc6 6. g3 Nh6 ({RR} 6... Bg4 7. Bg2 Qd7 8. a3 Nh6 9. h3 Be6 10. e3 d4 11. Qe2 Be7 12. O-O Nf7 13. Kh2 O-O 14. Ng1 Rae8 15. Rae1 a6 16. Bxc6 Qxc6 17. e4 Bd6 18. a4 b5 19. axb5 axb5 20. Ra1 Ra8 21. Rxa8 {Padmini,R (2354)-Audi,A (2404) Bengaluru IND 2025 0-1 (41)}) 7. Bg2 Be7 8. O-O O-O 9. e4 $146 ({RR} 9. Ne1 Be6 10. c4 d4 11. e3 dxe3 12. fxe3 Qc7 13. Ne4 f5 14. Nc3 Bg5 15. Nd5 Qd6 16. Qh5 Nf7 17. Nc2 Ne7 18. Nxe7+ Qxe7 19. Qf3 Rad8 20. Rad1 b6 21. Qe2 Bf6 22. e4 f4 23. gxf4 exf4 {Pocius,V (1728)-Juksta,K (2022) Klaipeda 2016 ½-½ (36)}) 9... d4 10. a4 b6 11. Bc1 Be6 12. Nh4 Qd7 13. Nc4 Rab8 14. Bxh6 gxh6 15. Qh5 Kh8 16. f4 exf4 17. Ng6+ hxg6 18. Qxh6+ Kg8 19. Qxg6+ Kh8 20. Rxf4 f5 21. Qh6+ Kg8 22. Qg6+ Kh8 23. exf5 Bxf5 24. Qh6+ Kg8 25. Bxc6 Qe6 26. Qxe6+ Bxe6 27. Re4 Bxc4 28. Rxe7 Rf7 29. Rae1 Rxe7 30. Rxe7 Bf7 31. Rxa7 Bh5 32. a5 1-0

[Event "Titled Tuesday intern op 12th Jul Late"]
[Site "Chess.com INT"]
[Date "2022.07.12"]
[Round "5"]
[White "Kollars, Dmitrij"]
[Black "Zhigalko, Sergei"]
[Result "1-0"]
[WhiteElo "2648"]
[BlackElo "2572"]
[PlyCount "59"]
[EventDate "2022.07.12"]
[EventType "swiss (blitz)"]
[EventRounds "11"]
[EventCountry "USA"]
[SourceTitle "EXT 2023"]
[Source "ChessBase"]
[SourceDate "2022.10.05"]
[SourceVersion "1"]
[SourceVersionDate "2022.10.05"]
[SourceQuality "1"]

1. Nf3 d5 2. g3 c6 3. Bg2 Bg4 4. O-O e6 5. h3 Bh5 6. d4 Nf6 7. c4 Be7 ({RR} 7... Nbd7 8. cxd5 exd5 9. Qb3 Qb6 10. Qe3+ Be7 11. Nh4 Bg6 12. Nc3 Kf8 13. Nxg6+ hxg6 14. Qd3 Re8 15. Rb1 Kg8 16. b4 a6 17. Re1 Nf8 18. e4 dxe4 19. Nxe4 Nxe4 20. Rxe4 Qd8 21. Qe2 Rh5 22. Bf3 {Vachier Lagrave,M (2758)-Kramnik,V (2777) Berlin 2015 ½-½ (63)}) ({RR} 7... Nbd7 8. cxd5 exd5 9. Ne5 Ne4 10. Bxe4 dxe4 11. Nc3 Nxe5 12. dxe5 Qxd1 13. Rxd1 Be7 14. Be3 b6 15. Rd4 f5 16. exf6 Bxf6 17. Rxe4+ Kf7 18. Rf4 Bg6 19. Bd4 Rhd8 20. Rd1 c5 21. Bxf6 Rxd1+ 22. Nxd1 {Samadov,R (2501)-Dai,C (2527) chess.com INT 2025 1-0 (34)}) 8. Qb3 Qb6 9. Nc3 O-O 10. Bf4 $146 ({RR} 10. Ne5 Rd8 11. Qxb6 axb6 12. cxd5 Nxd5 13. Nxd5 exd5 14. g4 Bg6 15. Nxg6 hxg6 16. Bf4 b5 17. Bxb8 Rdxb8 18. a3 Ra4 19. e3 Rba8 20. Bf3 g5 {½-½ (20) Magalashvili,D (2508)-Zhigalko,S (2625) Batumi 2018}) ({RR} 10. Ne5 Nbd7 11. g4 Bg6 12. g5 Qxd4 13. gxf6 Nc5 14. Qd1 Qxe5 15. fxe7 Rfe8 16. Be3 Nd7 17. Qd2 Rxe7 18. Bf4 Qh5 19. e4 e5 20. Bg3 dxe4 21. Nxe4 f5 22. Qg5 Qxg5 23. Nxg5 f4 24. Bh4 Nc5 {Sychev,K (2572)-Zhigalko,S (2572) Chess.com INT 2021 1-0 (37)}) 10... Nbd7 11. Rfe1 Bg6 12. c5 Qa6 13. Nh4 b6 14. Nxg6 hxg6 15. cxb6 axb6 16. a4 Rfc8 17. e4 dxe4 18. Nxe4 Nd5 19. Bd6 N7f6 20. Bxe7 Nxe4 21. Rxe4 Nxe7 22. Rxe6 fxe6 23. Qxe6+ Kf8 24. Ra3 Qa5 25. Rf3+ Ke8 26. Rf7 Qb4 27. d5 cxd5 28. Bxd5 Rc1+ 29. Kh2 Rac8 30. Rf8+ 1-0

[Event "Titled Tuesday intern op 12th Jul Late"]
[Site "Chess.com INT"]
[Date "2022.07.12"]
[Round "9"]
[White "Hakobyan, Aram"]
[Black "Bluebaum, Matthias"]
[Result "1-0"]
[WhiteElo "2612"]
[BlackElo "2673"]
[PlyCount "51"]
[EventDate "2022.07.12"]
[EventType "swiss (blitz)"]
[EventRounds "11"]
[EventCountry "USA"]
[SourceTitle "EXT 2023"]
[Source "ChessBase"]
[SourceDate "2022.10.05"]
[SourceVersion "1"]
[SourceVersionDate "2022.10.05"]
[SourceQuality "1"]

1. Nf3 d5 2. b3 Bg4 3. Bb2 Nd7 4. e3 e6 5. h3 Bh5 ({RR} 5... Bxf3 6. Qxf3 Ngf6 7. g4 h6 8. d3 Bd6 9. Nd2 c6 10. h4 Ne5 11. Bxe5 Bxe5 12. d4 Bd6 13. g5 Nd7 14. Rg1 hxg5 15. hxg5 g6 16. Bd3 e5 17. Qg4 Qe7 18. a4 exd4 19. e4 Bb4 20. Rd1 {Atoyan,A (2235)-Drozdowski,K (2450) chess.com INT 2025 0-1 (34)}) 6. d3 a5 ({RR} 6... h6 7. Nbd2 Ngf6 8. e4 dxe4 9. dxe4 Bb4 10. a3 Bxf3 11. gxf3 Bd6 12. Qe2 Be5 13. O-O-O Bxb2+ 14. Kxb2 Qe7 15. f4 O-O-O 16. Bg2 Nc5 17. Nc4 Kb8 18. e5 Nd5 19. Bxd5 exd5 20. Ne3 Ne6 21. Nxd5 {Anton Guijarro,D (2703)-Wojtaszek,R (2719) Biel 2020 ½-½ (33)}) 7. a3 Ngf6 $146 ({RR} 7... h6 8. Nbd2 Ngf6 9. e4 c5 10. a4 Qc7 11. Qe2 Be7 12. g4 Bg6 13. exd5 exd5 14. O-O-O O-O 15. Qxe7 Rfe8 16. Be5 Qc6 17. Qd6 Nxe5 18. Qxc6 Nxc6 19. Bg2 Bh7 20. Rhe1 g5 21. Nb1 Nb4 22. Rxe8+ {Jimenez Garcia,E (2388)-Cori Quispe,K (2485) Mexico City 2022 ½-½ (48)}) 8. g4 Bg6 9. Nh4 a4 10. b4 c5 11. g5 Nh5 12. Rg1 Be7 13. f4 h6 14. Nxg6 fxg6 15. Qg4 Qb6 16. Nd2 cxb4 17. Bd4 Bc5 18. Bxc5 Nxc5 19. d4 Nd7 20. Bd3 Nf8 21. Bxg6+ Nxg6 22. Qxh5 Kf7 23. Nf3 bxa3 24. Ne5+ Kg8 25. Qxg6 Qc7 26. Qxe6+ 1-0

[Event "Titled Tuesday intern op 12th Jul Late"]
[Site "Chess.com INT"]
[Date "2022.07.12"]
[Round "11"]
[White "Nagy, Gabor"]
[Black "Jobava, Baadur"]
[Result "1-0"]
[WhiteElo "2500"]
[BlackElo "2585"]
[PlyCount "63"]
[EventDate "2022.07.12"]
[EventType "swiss (blitz)"]
[EventRounds "11"]
[EventCountry "USA"]
[SourceTitle "EXT 2023"]
[Source "ChessBase"]
[SourceDate "2022.10.05"]
[SourceVersion "1"]
[SourceVersionDate "2022.10.05"]
[SourceQuality "1"]

1. Nf3 d5 2. g3 Nd7 3. c4 d4 $146 ({RR} 3... c6 4. cxd5 cxd5 5. d4 Ngf6 6. Bg2 e6 7. O-O Ne4 8. Bf4 Bd6 9. Bxd6 Nxd6 10. Nc3 O-O 11. Rc1 Nb6 12. b3 Bd7 13. a4 Bc6 14. Qd2 Nd7 15. Qf4 Qe7 16. Rfd1 Rac8 17. Ne5 Qf6 18. Qe3 {Simonovic,B-Karaklajic,N Ljubljana 1951 ½-½ (64)}) ({RR} 3... dxc4 4. Qc2 a6 5. Bg2 Ngf6 6. Na3 b5 7. Nd4 Nb6 8. Bxa8 Nxa8 9. Nf3 Bb7 10. b3 cxb3 11. axb3 e5 12. Bb2 e4 13. Nd4 Qd7 14. Naxb5 axb5 15. Ra7 Bd5 16. O-O Bd6 17. Ba3 b4 18. Bb2 {Harikrishna,P (2705)-Duda,J (2729) Almaty KAZ 2022 0-1}) ({RR} 3... dxc4 4. Na3 Ngf6 5. Nxc4 a6 6. Bg2 e6 7. O-O Be7 8. b3 O-O 9. Bb2 b5 10. Nce5 Bb7 11. Rc1 c5 12. d4 Rc8 13. dxc5 Nxc5 14. Bd4 Nce4 15. Rxc8 Qxc8 16. Qa1 Qa8 17. Nh4 Rd8 18. e3 {Minina,V (2057)-Kokoszczynski,J (2272) chess.com INT 2024 0-1 (53)}) 4. Nxd4 e5 5. Nc2 h5 6. h4 Ngf6 7. Nc3 e4 8. Bg2 Nc5 9. b4 Nd3+ 10. exd3 exd3 11. Ne3 Bd6 12. c5 Be5 13. Bb2 O-O 14. O-O Re8 15. Re1 a5 16. a3 Bd4 17. Na4 axb4 18. axb4 Bg4 19. Nxg4 Rxe1+ 20. Qxe1 Nxg4 21. Bxd4 Qxd4 22. Bf3 Nxf2 23. Kg2 Ng4 24. Bxg4 hxg4 25. Nc3 Rxa1 26. Qxa1 Qxb4 27. c6 b6 28. Qe1 Kf8 29. Qe5 Qe7 30. Qf5 Qe1 31. Qc8+ Ke7 32. Qxc7+ 1-0